[Event "Chigorin Memorial 17th"]
[Site "St Petersburg"]
[Date "2009.10.21"]
[Round "6"]
[White "Shchukin, Dmitry"]
[Black "Merzliakov, Evgeniy"]
[Result "0-1"]
[WhiteElo "2368"]
[BlackElo "2207"]
[PlyCount "86"]
[EventDate "2009.10.16"]
[EventType "swiss"]
[EventRounds "9"]
[EventCountry "RUS"]
[SourceTitle "CBM 132 Extra"]
[Source "ChessBase"]
[SourceDate "2009.11.03"]
[SourceVersion "1"]
[SourceVersionDate "2009.11.03"]
[SourceQuality "1"]

1. Nf3 e6 2. g3 d5 3. Bg2 c5 4. c4 d4 5. 0-0 Nc6 6. d3 Bd6 7. a3 a5 8. e3 e5 9. exd4 cxd4 10. Re1 Nge7 11. c5 Bc7 12. Nbd2 0-0 13. Nc4 f6 14. Rb1 a4 15. b4 axb3 16. Qxb3 Kh8 17. Bd2 Rb8 18. Bb4 Be6 19. Nfd2 Nd5 20. Qc2 Qd7 21. Ne4 h6 22. Bd2 f5 23. Ned6 Bxd6 24. cxd6 f4 25. Nxe5 Nxe5 26. Rxe5 f3 27. Rbe1 Bg8 28. Bf1 Qxd6 29. R5e4 Qxa3 30. Rxd4 b5 31. Bc1 Qd6 32. Bb2 Qg6 33. Qd2 Nf6 34. Rf4 Bd5 35. Re5 Rbd8 36. Qb4 Bc6 37. Ref5 Bd7 38. Rxf6 gxf6 39. Qe7 Bf5 40. Qc5 Bxd3 41. Rd4 Bxf1 42. Rxd8 Rxd8 43. Qe7 Re8 0-1

[Event "Chigorin Memorial 17th"]
[Site "St Petersburg"]
[Date "2009.10.18"]
[Round "3"]
[White "Merzliakov, Evgeniy"]
[Black "Malakhov, Igor"]
[Result "0-1"]
[WhiteElo "2207"]
[BlackElo "2414"]
[PlyCount "74"]
[EventDate "2009.10.16"]
[EventType "swiss"]
[EventRounds "9"]
[EventCountry "RUS"]
[SourceTitle "CBM 132 Extra"]
[Source "ChessBase"]
[SourceDate "2009.11.03"]
[SourceVersion "1"]
[SourceVersionDate "2009.11.03"]
[SourceQuality "1"]

1. d4 Nf6 2. Nf3 c5 3. e3 e6 4. Bd3 b6 5. 0-0 Bb7 6. Nbd2 d6 7. b3 Be7 8. Bb2 0-0 9. Qe2 Nbd7 10. Rad1 Qc7 11. c4 Rfe8 12. e4 cxd4 13. Nxd4 a6 14. Bb1 d5 15. Rfe1 Bd6 16. N4f3 Bb4 17. e5 Ne4 18. a3 Nxd2 19. Nxd2 Bf8 20. Rc1 Qd8 21. Rc3 g6 22. Rh3 Rc8 23. Nf3 Bg7 24. Rg3 dxc4 25. bxc4 Qc7 26. Ba2 Red8 27. Ng5 Bxe5 28. Bxe5 Qxe5 29. Qd2 Nc5 30. Qc1 Qf6 31. Qb1 Rd2 32. Rf1 Qb2 33. Qxb2 Rxb2 34. Bb1 Rd8 35. h4 h6 36. Nf3 Ne4 37. Rg4 Nc3 0-1

[Event "St Petersburg FINEC IM 9th"]
[Site "St Petersburg"]
[Date "2009.02.04"]
[Round "9"]
[White "Malakhov, Igor"]
[Black "Merzliakov, Evgeniy"]
[Result "1-0"]
[WhiteElo "2395"]
[BlackElo "2226"]
[PlyCount "95"]
[EventDate "2009.01.28"]
[EventType "tourn"]
[EventRounds "9"]
[EventCountry "RUS"]
[EventCategory "2"]
[SourceTitle "EXT 2010"]
[Source "ChessBase"]
[SourceDate "2010.11.25"]
[SourceVersion "1"]
[SourceVersionDate "2010.11.25"]
[SourceQuality "1"]

1. e4 e6 2. d4 d5 3. Nc3 Nf6 4. Bg5 Bb4 5. exd5 Qxd5 6. Bxf6 gxf6 7. Nge2 c5 8. a3 Bxc3+ 9. Nxc3 Qxd4 10. Qxd4 cxd4 11. Nb5 Na6 12. Nxd4 Nc7 13. 0-0-0 Bd7 14. Be2 Ke7 15. Bf3 Rab8 16. Rhe1 e5 17. g3 Rhd8 18. Ne2 Ne6 19. Nc3 Bc6 20. Bd5 Kf8 21. Bxc6 bxc6 22. Re4 Rxd1+ 23. Nxd1 Ng7 24. Ne3 h5 25. f4 Re8 26. f5 Rd8 27. Rc4 Rc8 28. Rb4 Rc7 29. Rb8+ Ne8 30. c4 Ke7 31. c5 Rd7 32. Kc2 h4 33. gxh4 Rd4 34. Rb4 Ng7 35. Rxd4 exd4 36. Ng4 Nxf5 37. h5 Ke6 38. Kd3 Kd5 39. b4 Nh4 40. Nxf6+ Ke6 41. Ne8 Ke5 42. Nd6 f6 43. h6 Ng6 44. h7 Nh8 45. Nc4+ Kd5 46. Nb6+ axb6 47. cxb6 Kd6 48. a4 1-0

[Event "St Petersburg FINEC IM 9th"]
[Site "St Petersburg"]
[Date "2009.02.01"]
[Round "6"]
[White "Merzliakov, Evgeniy"]
[Black "Serov, Maksim"]
[Result "1/2-1/2"]
[WhiteElo "2226"]
[BlackElo "2352"]
[PlyCount "107"]
[EventDate "2009.01.28"]
[EventType "tourn"]
[EventRounds "9"]
[EventCountry "RUS"]
[EventCategory "2"]
[SourceTitle "EXT 2010"]
[Source "ChessBase"]
[SourceDate "2010.11.25"]
[SourceVersion "1"]
[SourceVersionDate "2010.11.25"]
[SourceQuality "1"]

1. e4 c5 2. d3 Nc6 3. g3 g6 4. Bg2 Bg7 5. f4 e6 6. Nf3 Nge7 7. 0-0 d6 8. c3 0-0 9. Be3 Bd7 10. Nbd2 Rb8 11. Qc2 b5 12. Rae1 Qc7 13. Kh1 Kh8 14. Bg1 Nd8 15. Re2 a5 16. e5 d5 17. g4 c4 18. d4 b4 19. Qc1 a4 20. a3 bxa3 21. bxa3 Ndc6 22. Bf2 Na5 23. Bh4 Ng8 24. Qe1 Rb2 25. Bh3 Nb3 26. Nb1 Rxe2 27. Qxe2 f5 28. gxf5 gxf5 29. Bg2 Be8 30. Ng5 Qd7 31. Bf3 Ne7 32. Bh5 Ng6 33. Bxg6 Bxg6 34. Rg1 h6 35. Nh3 Qf7 36. Nf2 Kh7 37. h3 Rg8 38. Kh2 Bh5 39. Qe3 Bf8 40. Rxg8 Qxg8 41. Bf6 Na1 42. Nh1 Qf7 43. Ng3 Qb7 44. Nxh5 Qxb1 45. Bh4 Qc2+ 46. Bf2 Qd3 47. Nf6+ Kh8 48. Qc1 Qf3 49. Qg1 Bg7 50. Be3 Nc2 51. Ne8 Bf8 52. Nf6 Bg7 53. Ne8 Bf8 54. Nf6 1/2-1/2

[Event "St Petersburg FINEC IM 9th"]
[Site "St Petersburg"]
[Date "2009.01.30"]
[Round "3"]
[White "Merzliakov, Evgeniy"]
[Black "Rakhmangulov, Andrei"]
[Result "0-1"]
[WhiteElo "2226"]
[BlackElo "2318"]
[PlyCount "76"]
[EventDate "2009.01.28"]
[EventType "tourn"]
[EventRounds "9"]
[EventCountry "RUS"]
[EventCategory "2"]
[SourceTitle "EXT 2010"]
[Source "ChessBase"]
[SourceDate "2010.11.25"]
[SourceVersion "1"]
[SourceVersionDate "2010.11.25"]
[SourceQuality "1"]

1. e4 g6 2. h4 h6 3. h5 g5 4. d4 Bg7 5. f4 gxf4 6. Bxf4 c5 7. Qg4 Bxd4 8. e5 Kf8 9. c3 d6 10. Qg3 Bxe5 11. Bxe5 dxe5 12. Qxe5 Nf6 13. Qxc5 Nc6 14. Na3 Qd2+ 15. Kxd2 Ne4+ 16. Ke3 Nxc5 17. Nf3 Rg8 18. Rh4 Nd7 19. Nc4 Nf6 20. Nfe5 Nxe5 21. Nxe5 Rg5 22. Nf3 Ng4+ 23. Kd3 Rd5+ 24. Ke2 Bf5 25. Nd4 Bd7 26. Kf3 e5 27. Nb3 f5 28. Bc4 Rd6 29. Re1 Rc8 30. Be2 Kf7 31. Kg3 f4+ 32. Kh3 Ne3+ 33. Kh2 Rg8 34. Bf3 Bc6 35. Bxc6 bxc6 36. Rg1 Rg3 37. Rh3 Ng4+ 38. Kh1 Nf2+ 0-1

[Event "Chigorin Memorial 16th"]
[Site "St Petersburg"]
[Date "2008.10.09"]
[Round "7"]
[White "Smirnov, Artem"]
[Black "Merzliakov, Evgeniy"]
[Result "1-0"]
[WhiteElo "2460"]
[BlackElo "2210"]
[PlyCount "103"]
[EventDate "2008.10.03"]
[EventType "swiss"]
[EventRounds "9"]
[EventCountry "RUS"]
[SourceTitle "CBM 126 Extra"]
[Source "ChessBase"]
[SourceDate "2008.11.05"]
[SourceVersion "1"]
[SourceVersionDate "2008.11.05"]
[SourceQuality "1"]

1. d4 e6 2. c4 b6 3. a3 Bb7 4. Nc3 f5 5. d5 Nf6 6. g3 a5 7. Bg2 Bc5 8. Nh3 0-0 9. 0-0 Na6 10. Bf4 h6 11. Qc2 Qc8 12. Rad1 d6 13. Bc1 e5 14. Qb1 Qe8 15. Kh1 f4 16. gxf4 Qh5 17. f3 Rae8 18. fxe5 dxe5 19. e4 Bc8 20. Ng1 Qh4 21. Bd2 Nh5 22. Be1 Qg5 23. Nce2 a4 24. Bd2 Qh4 25. Be1 Qg5 26. Qc2 Bd7 27. Qc1 Nf4 28. Nxf4 exf4 29. Bf2 Rf6 30. Qc2 Rg6 31. Bxc5 Nxc5 32. Bh3 Bxh3 33. Nxh3 Qh4 34. Ng1 Re5 35. Qf2 Qh5 36. Ne2 Rf6 37. Nd4 Qe8 38. Rg1 Kh7 39. Nc6 Rh5 40. Qg2 g5 41. Rge1 Rh4 42. e5 Rxc6 43. dxc6 Qxc6 44. Rd5 Kg7 45. Qe2 Ne6 46. Qe4 Rh3 47. Kg2 g4 48. Red1 gxf3+ 49. Kh1 Ng5 50. Rd7+ Qxd7 51. Rxd7+ Kh8 52. Qa8# 1-0

[Event "Chigorin Memorial-B 15th"]
[Site "St Petersburg"]
[Date "2007.12.03"]
[Round "3"]
[White "Kosov, Ivan"]
[Black "Merzliakov, Evgeniy"]
[Result "1-0"]
[WhiteElo "2370"]
[BlackElo "2216"]
[PlyCount "59"]
[EventDate "2007.11.30"]
[EventType "swiss"]
[EventRounds "9"]
[EventCountry "RUS"]
[SourceTitle "CBM 121 Extra"]
[Source "ChessBase"]
[SourceDate "2008.01.10"]
[SourceVersion "1"]
[SourceVersionDate "2008.01.10"]
[SourceQuality "1"]

1. e4 e6 2. Qe2 c5 3. Nf3 Nc6 4. g3 d6 5. Bg2 Nf6 6. 0-0 Be7 7. d3 0-0 8. c3 e5 9. Na3 Ne8 10. Nc4 f5 11. exf5 Bxf5 12. h3 Nc7 13. a4 Qd7 14. Kh2 Rae8 15. Ne3 Bg6 16. c4 e4 17. dxe4 Bxe4 18. Ne5 Bxg2 19. Nxd7 Bxf1 20. Qxf1 Rf7 21. Bd2 Bg5 22. f4 Rxd7 23. fxg5 Nd4 24. Qg2 d5 25. Re1 dxc4 26. Nxc4 Rxe1 27. Bxe1 Re7 28. Bf2 Re2 29. Kg1 Rc2 30. Qxb7 1-0

[Event "St Petersburg-ch qual"]
[Site "St Petersburg"]
[Date "2006.12.08"]
[Round "6"]
[White "Sheynin, Izrail"]
[Black "Merzliakov, Evgeniy"]
[Result "0-1"]
[WhiteElo "2171"]
[BlackElo "2209"]
[PlyCount "50"]
[EventDate "2006.11.27"]
[EventType "swiss"]
[EventRounds "10"]
[EventCountry "RUS"]
[SourceTitle "EXT 2008"]
[Source "ChessBase"]
[SourceDate "2007.11.25"]
[SourceVersion "1"]
[SourceVersionDate "2007.11.25"]
[SourceQuality "1"]

1. e4 e6 2. d4 d5 3. e5 c5 4. c3 Nc6 5. Nf3 Qb6 6. Bd3 Bd7 7. dxc5 Bxc5 8. 0-0 a5 9. Nbd2 f6 10. Qe2 fxe5 11. Nxe5 Nxe5 12. Qxe5 Nf6 13. Nb3 Bxf2+ 14. Kh1 0-0 15. Qe2 Ne4 16. Bxe4 dxe4 17. Qxe4 Bc6 18. Qg4 Rf6 19. Bg5 Rg6 20. h4 h6 21. Qe2 Rf8 22. Nd4 Bxd4 23. Rxf8+ Kxf8 24. Rf1+ Bf6 25. Qc2 Kf7 0-1

[Event "St Petersburg-ch qual"]
[Site "St Petersburg"]
[Date "2006.12.06"]
[Round "5"]
[White "Merzliakov, Evgeniy"]
[Black "Kuzmin, Yuriy"]
[Result "1-0"]
[WhiteElo "2209"]
[BlackElo "2126"]
[PlyCount "81"]
[EventDate "2006.11.27"]
[EventType "swiss"]
[EventRounds "10"]
[EventCountry "RUS"]
[SourceTitle "EXT 2008"]
[Source "ChessBase"]
[SourceDate "2007.11.25"]
[SourceVersion "1"]
[SourceVersionDate "2007.11.25"]
[SourceQuality "1"]

1. d4 f5 2. g4 e6 3. Bg2 d5 4. g5 h5 5. c4 c6 6. Nc3 Bd6 7. e4 fxe4 8. f3 Qc7 9. fxe4 Bxh2 10. Nge2 Bg3+ 11. Kd2 Bf4+ 12. Kc2 Bxc1 13. Rxc1 Ne7 14. Kb1 dxe4 15. Nxe4 Nf5 16. N2c3 g6 17. d5 0-0 18. Nf6+ Rxf6 19. gxf6 exd5 20. Nxd5 cxd5 21. Bxd5+ Kh7 22. Rxh5+ Nh6 23. Rxh6+ Kxh6 24. Qh1+ Kg5 25. Rg1+ Bg4 26. Bxb7 Nd7 27. Bxa8 Nxf6 28. Bf3 Qxc4 29. Bxg4 Nxg4 30. Qf3 Qd4 31. Rd1 Qe3 32. Qxe3+ Nxe3 33. Rd7 Kf4 34. Rxa7 g5 35. Rf7+ Ke4 36. a4 g4 37. a5 g3 38. a6 Nd5 39. a7 Nb6 40. Rg7 Kf3 41. Kc2 1-0

[Event "St Petersburg-ch qual"]
[Site "St Petersburg"]
[Date "2006.11.27"]
[Round "1"]
[White "Gorbunov, Evgeny Alekseevich"]
[Black "Merzliakov, Evgeniy"]
[Result "0-1"]
[WhiteElo "2047"]
[BlackElo "2209"]
[PlyCount "130"]
[EventDate "2006.11.27"]
[EventType "swiss"]
[EventRounds "10"]
[EventCountry "RUS"]
[SourceTitle "EXT 2008"]
[Source "ChessBase"]
[SourceDate "2007.11.25"]
[SourceVersion "1"]
[SourceVersionDate "2007.11.25"]
[SourceQuality "1"]

1. e4 e6 2. d4 d5 3. Nd2 Nf6 4. e5 Nfd7 5. Bd3 c5 6. c3 Nc6 7. Ne2 cxd4 8. cxd4 f6 9. exf6 Nxf6 10. 0-0 Bd6 11. Nf3 0-0 12. Bg5 Qc7 13. Bh4 e5 14. dxe5 Nxe5 15. Nxe5 Bxe5 16. Bg3 Bxg3 17. Nxg3 g6 18. Be2 Qb6 19. Qd2 Kg7 20. Rfd1 Be6 21. Qd4 Qxd4 22. Rxd4 Rac8 23. Rd2 Rc7 24. Bf3 Rfc8 25. Ne2 Bf7 26. Nc3 Rd7 27. Rad1 Rcd8 28. Rd4 Ng8 29. h4 Ne7 30. Bg4 Rd6 31. a3 Nc6 32. Ne4 Nxd4 33. Nxd6 Rxd6 34. Rxd4 Kf6 35. f4 Rb6 36. Rd2 Ke7 37. f5 Rc6 38. fxg6 hxg6 39. Bf3 Kd6 40. Kf2 a5 41. g4 Ke5 42. Ke3 b5 43. Be2 b4 44. axb4 axb4 45. Rd4 b3 46. Bd1 Rc2 47. Rd2 Rc4 48. h5 gxh5 49. gxh5 Rh4 50. Bf3 d4+ 51. Kd3 Rh3 52. Ke2 Bxh5 53. Bxh5 Rxh5 54. Kd3 Kd5 55. Rf2 Rh3+ 56. Kd2 Kc4 57. Rg2 Rh1 58. Rg8 Rh2+ 59. Kc1 Rc2+ 60. Kb1 d3 61. Rg4+ Kd5 62. Rg5+ Ke4 63. Rg4+ Kf3 64. Rh4 d2 65. Rh3+ Kg2 0-1

[Event "Chigorin Memorial-B 14th"]
[Site "St Petersburg"]
[Date "2006.10.25"]
[Round "4"]
[White "Merzliakov, Evgeniy"]
[Black "Stroganov, Anatoly"]
[Result "1-0"]
[WhiteElo "2209"]
[BlackElo "1898"]
[PlyCount "125"]
[EventDate "2006.10.23"]
[EventType "swiss"]
[EventRounds "9"]
[EventCountry "RUS"]
[SourceTitle "EXT 2007"]
[Source "ChessBase"]
[SourceDate "2006.11.23"]
[SourceVersion "1"]
[SourceVersionDate "2006.11.23"]
[SourceQuality "1"]

1. d4 Nf6 2. c4 e6 3. Nc3 Bb4 4. Qc2 c5 5. e3 Na6 6. Bd2 b6 7. Bd3 Bb7 8. Nge2 Bxc3 9. Bxc3 Nb4 10. Bxb4 cxb4 11. e4 g6 12. 0-0 0-0 13. e5 Nh5 14. Qd2 a5 15. Qe3 d6 16. f4 d5 17. c5 Ba6 18. Bxa6 Rxa6 19. Rac1 Qa8 20. g4 Ng7 21. Rf3 f5 22. exf6 Rxf6 23. Ng3 bxc5 24. Rxc5 Rc6 25. Rf2 Rf8 26. Rfc2 Rfc8 27. f5 Rxc5 28. Rxc5 exf5 29. gxf5 Rxc5 30. dxc5 gxf5 31. Qe5 Qc6 32. Qb8+ Qe8 33. Qxe8+ Nxe8 34. Nxf5 Kf7 35. Nd4 Nc7 36. Kf2 Na6 37. c6 Nc7 38. Ke3 Ke7 39. Nf5+ Kf6 40. Nd4 Ke5 41. h4 Kd6 42. h5 Ne8 43. Kf4 a4 44. h6 Nc7 45. Kf5 Ne8 46. b3 a3 47. Nc2 Kc5 48. Ke5 Nc7 49. Kf6 d4 50. Ne1 Kxc6 51. Kg7 Nd5 52. Kxh7 Nc3 53. Kg6 Nxa2 54. h7 Nc1 55. h8Q Nxb3 56. Nd3 Kb5 57. Qb8+ Kc4 58. Qxb4+ Kxd3 59. Qxb3+ Ke2 60. Qxa3 d3 61. Qb2+ Kd1 62. Kf5 d2 63. Ke4 1-0

[Event "Chigorin Memorial 12th"]
[Site "St Petersburg"]
[Date "2004.10.23"]
[Round "8"]
[White "Yagupov, Igor"]
[Black "Merzliakov, Evgeniy"]
[Result "1-0"]
[WhiteElo "2509"]
[BlackElo "2213"]
[PlyCount "57"]
[EventDate "2004.10.16"]
[EventType "swiss"]
[EventRounds "9"]
[EventCountry "RUS"]
[SourceTitle "EXT 2005"]
[Source "ChessBase"]
[SourceDate "2004.11.15"]
[SourceVersion "1"]
[SourceVersionDate "2004.11.15"]
[SourceQuality "1"]

1. d4 e6 2. Nf3 b6 3. e4 Bb7 4. Bd3 c5 5. c3 cxd4 6. cxd4 Nf6 7. Nc3 Bb4 8. Qe2 d6 9. 0-0 Bxc3 10. bxc3 Nbd7 11. Ba3 Qc7 12. e5 dxe5 13. dxe5 Nd5 14. Bd6 Qc6 15. Qd2 Qxc3 16. Qxc3 Nxc3 17. Rfc1 Nd5 18. Nd4 a6 19. Rab1 h5 20. Be4 h4 21. f4 f5 22. Rc7 Nxc7 23. Bxb7 Ra7 24. Bc6 Rh6 25. Rxb6 Nb5 26. Nxb5 axb5 27. Bb8 Ra8 28. Rb7 Rxb8 29. Rxb8+ 1-0